TH-SOF-1371-Development of an Operational Framework for Cellular Manufacturing System Using Hybrid Genetic Algorithm (Record no. 577048)

000 -LEADER
fixed length control field 00456nam a22001217a 4500
082 ## - DEWEY DECIMAL CLASSIFICATION NUMBER
Classification number 200 THE
100 ## - MAIN ENTRY--PERSONAL NAME
Personal name ALAM ZEB
9 (RLIN) 69983
245 ## - TITLE STATEMENT
Title TH-SOF-1371-Development of an Operational Framework for Cellular Manufacturing System Using Hybrid Genetic Algorithm
260 ## - PUBLICATION, DISTRIBUTION, ETC.
Place of publication, distribution, etc. Islamabad
Name of publisher, distributor, etc. NUST College of EME
Date of publication, distribution, etc. 2017
650 ## - SUBJECT ADDED ENTRY--TOPICAL TERM
Topical term or geographic name entry element PHD ENGINEERING MANAGEMENT-2017 PHD
9 (RLIN) 69984
700 ## - ADDED ENTRY--PERSONAL NAME
Personal name SUPERVISOR DR MUSHTAQ KHAN, CO-SUPERVISOR DR NAWAR KHAN
9 (RLIN) 69985
942 ## - ADDED ENTRY ELEMENTS (KOHA)
Koha item type Computer Files
Holdings
Withdrawn status Lost status Damaged status Not for loan Permanent Location Current Location Shelving location Date acquired Total Checkouts Full call number Barcode Date last seen Price effective from Koha item type
        College of Electrical & Mechanical Engineering (CEME) College of Electrical & Mechanical Engineering (CEME) Reference 11/14/2019   200 THE TH-SOF-1371 06/28/2021 06/28/2021 Computer Files
© 2023 Central Library, National University of Sciences and Technology. All Rights Reserved.